Gaming Quiz

Random Gaming or Board Games Quiz

Board game inventors Quiz Stats

Quiz not verified by Sporcle

Challenge
Share
Tweet
Embed
Score 0/24 Timer 08:00
0 Plays Today
Inventor % Correct
Parker Brothers
66.7%
Hasbro
33.3%
Milton Bradley
33.3%
Hasbro
33.3%
Pegasus Spiele
16.7%
Hank Kramer
16.7%
Charles B. Darrow
0%
Reuben Klamer
0%
Anthony Ernest Pratt
0%
Kohner Brothers
0%
Albert Lamorisse
0%
Elijah Bond
0%
Inventor % Correct
Edwin S. Lowe
0%
Douglas Reuter
0%
MindWare
0%
Whit Alexander
0%
Bernard Tavitian
0%
Clifford Von Wickler
0%
Abraham Nathanson
0%
Allan Turoff
0%
Ora Coster
0%
Leslie Scott
0%
John Spinello
0%
Robert Angel
0%

You're not logged in!

Compare scores with friends on all Sporcle quizzes.
Sign Up with Email
OR
Log In

You Might Also Like...

Show Comments

Extras

Top Quizzes Today


Score Distribution

Your Account Isn't Verified!

In order to create a playlist on Sporcle, you need to verify the email address you used during registration. Go to your Sporcle Settings to finish the process.

Report this User

Report this user for behavior that violates our Community Guidelines.

Details: